[Event "HUN-chT2 Szechenyi 2324"]
[Site "Hungary"]
[Date "2024.04.21"]
[Round "8.2"]
[White "Kasnya, Peter"]
[Black "Hegedus, Gyula"]
[Result "1/2-1/2"]
[WhiteElo "1940"]
[BlackElo "2043"]
[PlyCount "89"]
[EventDate "2023.10.08"]
[EventType "team-tourn"]
[EventRounds "9"]
[EventCountry "HUN"]
[SourceTitle "EXT 2025"]
[Source "ChessBase"]
[SourceDate "2024.10.14"]
[SourceVersion "1"]
[SourceVersionDate "2024.10.14"]
[SourceQuality "1"]
[WhiteTeam "Tapolca VSE II"]
[BlackTeam "Ezust Huszar"]
[WhiteTeamCountry "HUN"]
[BlackTeamCountry "HUN"]

1. e4 d6 2. d4 Nf6 3. Nc3 c6 4. f4 Qa5 5. Bd2 e5 6. dxe5 dxe5 7. h3 exf4 8. Qf3 Nbd7 9. Qxf4 Qe5 10. Nf3 Qxf4 11. Bxf4 Bb4 12. e5 Nd5 13. Bd2 Nxc3 14. bxc3 Bc5 15. Bc4 0-0 16. 0-0-0 Nb6 17. Bb3 a5 18. a4 h6 19. g4 Be6 20. g5 h5 21. Nd4 Bd5 22. Rhg1 g6 23. h4 Rfe8 24. Rge1 Nc4 25. Bf4 Rac8 26. Rd3 Bf8 27. Bxc4 Bxc4 28. Rde3 Bc5 29. Re4 Bd5 30. R4e2 Ba3+ 31. Kb1 b5 32. axb5 cxb5 33. e6 fxe6 34. Nxe6 Rc4 35. Bg3 b4 36. Nc7 Rxe2 37. Rxe2 Bf7 38. Nb5 Rg4 39. Re3 Bc4 40. Nd6 Bf7 41. Nxf7 Kxf7 42. Bd6 Rg1+ 43. Ka2 Rf1 44. Re7+ Kg8 45. Re8+ 1/2-1/2

[Event "HUN-chT2 Szechenyi 2324"]
[Site "Hungary"]
[Date "2024.02.18"]
[Round "4.4"]
[White "Kasnya, Peter"]
[Black "Gabor, Attila"]
[Result "0-1"]
[WhiteElo "1893"]
[BlackElo "1779"]
[PlyCount "88"]
[EventDate "2023.10.08"]
[EventType "team-tourn"]
[EventRounds "9"]
[EventCountry "HUN"]
[SourceTitle "EXT 2025"]
[Source "ChessBase"]
[SourceDate "2024.10.14"]
[SourceVersion "1"]
[SourceVersionDate "2024.10.14"]
[SourceQuality "1"]
[WhiteTeam "Tapolca VSE II"]
[BlackTeam "Arboretum"]
[WhiteTeamCountry "HUN"]
[BlackTeamCountry "HUN"]

1. e4 e5 2. Nf3 Nc6 3. d4 exd4 4. Nxd4 d6 5. Nc3 Nf6 6. Bc4 Be7 7. Be3 Nxd4 8. Bxd4 Be6 9. Bd3 0-0 10. f4 c5 11. Be3 Ng4 12. Bd2 c4 13. Be2 Nf6 14. f5 Bd7 15. Bxc4 Rc8 16. Bb3 b5 17. Qf3 a5 18. a4 b4 19. Nd5 Nxd5 20. exd5 Bf6 21. 0-0-0 Be5 22. Bf4 f6 23. g4 Qe8 24. Rhg1 Bxa4 25. Kb1 Bxb3 26. cxb3 a4 27. g5 axb3 28. gxf6 Bxf6 29. Rd3 Qa4 30. Rxb3 Ra8 31. Rc1 Qa1+ 32. Kc2 Rac8+ 33. Kd1 Rxc1+ 34. Bxc1 Rc8 35. Qe3 Be5 36. Rxb4 Qa5 37. Qb3 Qa6 38. Rb5 Qa1 39. Qe3 Qa4+ 40. Rb3 Qg4+ 41. Ke1 Re8 42. Kf1 Rf8 43. Qe2 Rxf5+ 44. Ke1 Qg1+ 0-1

[Event "HUN-chT2 Szechenyi 2223"]
[Site "Hungary"]
[Date "2023.04.23"]
[Round "9.6"]
[White "Gonczol, Gabor"]
[Black "Kasnya, Peter"]
[Result "1-0"]
[WhiteElo "1952"]
[BlackElo "1803"]
[PlyCount "113"]
[EventDate "2022.11.20"]
[EventType "team-tourn"]
[EventRounds "9"]
[EventCountry "HUN"]
[SourceTitle "EXT 2025"]
[Source "ChessBase"]
[SourceDate "2024.10.14"]
[SourceVersion "1"]
[SourceVersionDate "2024.10.14"]
[SourceQuality "1"]
[WhiteTeam "Kisber Aszar"]
[BlackTeam "Tapolca VSE II"]
[WhiteTeamCountry "HUN"]
[BlackTeamCountry "HUN"]

1. e4 c5 2. Nf3 g6 3. c3 Bg7 4. d4 cxd4 5. cxd4 d6 6. Nc3 Nc6 7. Be3 Bg4 8. Be2 Nf6 9. h3 Bxf3 10. Bxf3 Nd7 11. 0-0 0-0 12. Qd2 Re8 13. Rac1 Nb6 14. Be2 e5 15. d5 Nd4 16. Nb5 Re7 17. Bg5 f6 18. Be3 Nxb5 19. Bxb5 Rc8 20. Qa5 Rec7 21. Qxa7 Nd7 22. Bxd7 Qxd7 23. Rxc7 Rxc7 24. Rc1 Rxc1+ 25. Bxc1 Qc7 26. Be3 f5 27. f3 f4 28. Qb6 Qc4 29. Bf2 Bf8 30. Qxb7 Qxa2 31. Bh4 Qb1+ 32. Kh2 g5 33. Bxg5 Qe1 34. Bxf4 exf4 35. Qb5 Qg3+ 36. Kg1 Qe1+ 37. Qf1 Qxf1+ 38. Kxf1 Bg7 39. b4 Bd4 40. Ke2 Kg7 41. Kd3 Ba7 42. Kc4 Kf6 43. Kb5 Ke7 44. Kc6 Bd4 45. b5 h6 46. b6 Kd8 47. b7 Ba7 48. Kxd6 Bb8+ 49. Ke6 Ke8 50. d6 Kd8 51. e5 h5 52. Kf5 Kd7 53. Kxf4 Kc6 54. Kg5 Kxb7 55. Kxh5 Kc6 56. Kg6 Kd5 57. Kf6 1-0

[Event "HUN-chT U18"]
[Site "Budapest"]
[Date "2022.11.01"]
[Round "3.2"]
[White "Kasnya, Peter"]
[Black "Gombocz, Ferenc Jr"]
[Result "0-1"]
[WhiteElo "1751"]
[BlackElo "2260"]
[PlyCount "74"]
[EventDate "2022.10.31"]
[EventType "team-swiss"]
[EventRounds "7"]
[EventCountry "HUN"]
[SourceTitle "CBM 211 Extra"]
[Source "ChessBase"]
[SourceDate "2023.01.31"]
[SourceVersion "1"]
[SourceVersionDate "2023.01.31"]
[SourceQuality "1"]
[WhiteTeam "Tapolca VSE"]
[BlackTeam "Tuxera Aquaprofit NSK"]
[WhiteTeamCountry "HUN"]
[BlackTeamCountry "HUN"]

1. e4 e5 2. Nf3 Nc6 3. d4 exd4 4. Nxd4 Bc5 5. Nb3 Bb6 6. Nc3 Nge7 7. Qe2 0-0 8. Be3 f5 9. f3 f4 10. Bxb6 axb6 11. g4 d6 12. 0-0-0 Be6 13. h4 Ne5 14. Qf2 N7c6 15. Kb1 Qd7 16. Be2 Qf7 17. h5 h6 18. g5 hxg5 19. h6 g6 20. Qg2 g4 21. Nd5 Bxd5 22. exd5 Ne7 23. Qf2 Nxd5 24. fxg4 Ne3 25. Rd4 Kh7 26. g5 Nc6 27. Rd2 Ne5 28. Rd4 Qf5 29. Bd3 Nxd3 30. cxd3 c5 31. Re4 Rae8 32. Nd2 d5 33. Rxe8 Qxd3+ 34. Ka1 Nc2+ 35. Kb1 Rxe8 36. Rc1 Nb4+ 37. Ka1 Ra8 0-1

[Event "HUN-chT U18"]
[Site "Budapest"]
[Date "2022.10.31"]
[Round "1.2"]
[White "Kasnya, Peter"]
[Black "Paksai, Nikolett"]
[Result "1-0"]
[WhiteElo "1751"]
[BlackElo "1101"]
[PlyCount "105"]
[EventDate "2022.10.31"]
[EventType "team-swiss"]
[EventRounds "7"]
[EventCountry "HUN"]
[SourceTitle "CBM 211 Extra"]
[Source "ChessBase"]
[SourceDate "2023.01.31"]
[SourceVersion "1"]
[SourceVersionDate "2023.01.31"]
[SourceQuality "1"]
[WhiteTeam "Tapolca VSE"]
[BlackTeam "Sakkmatyi SE"]
[WhiteTeamCountry "HUN"]
[BlackTeamCountry "HUN"]

1. e4 c5 2. d4 e6 3. Nf3 b6 4. Bg5 Ne7 5. d5 f6 6. Bf4 e5 7. Bg3 d6 8. Bb5+ Nd7 9. Nbd2 Ng6 10. h4 h5 11. Bc6 Rb8 12. Nc4 Be7 13. Nfd2 0-0 14. Qxh5 Nf4 15. Bxf4 exf4 16. Bxd7 Qxd7 17. Qg6 f5 18. exf5 Qxf5 19. Qxf5 Rxf5 20. Ne4 Rxd5 21. Nc3 Rh5 22. Rd1 Rh6 23. Nd5 Re6+ 24. Kf1 Ba6 25. b3 Bxc4+ 26. bxc4 Re4 27. f3 Re5 28. Nxf4 Re8 29. Kf2 g5 30. Ng6 Rf5 31. Nxe7+ Rxe7 32. Rxd6 g4 33. Rg6+ Rg7 34. Rxg7+ Kxg7 35. Kg3 gxf3 36. gxf3 Kg6 37. h5+ Kh6 38. f4 Rxh5 39. Rxh5+ Kxh5 40. Kf3 Kg6 41. Ke4 Kf6 42. f5 a6 43. a4 Ke7 44. Ke5 a5 45. f6+ Kf7 46. c3 Kf8 47. Ke6 Ke8 48. f7+ Kf8 49. Kf6 b5 50. axb5 a4 51. b6 a3 52. b7 a2 53. b8Q# 1-0

[Event "HUN-chT U18"]
[Site "Budapest"]
[Date "2021.10.27"]
[Round "7.30"]
[White "Kasnya, Peter"]
[Black "Toth, Timea2"]
[Result "1/2-1/2"]
[WhiteElo "1652"]
[BlackElo "1964"]
[PlyCount "51"]
[EventDate "2021.10.24"]
[EventType "team-tourn"]
[EventRounds "7"]
[EventCountry "HUN"]
[SourceTitle "CBM 205 Extra"]
[Source "ChessBase"]
[SourceDate "2022.01.31"]
[SourceVersion "1"]
[SourceVersionDate "2022.01.31"]
[SourceQuality "1"]

1. e4 c5 2. Nf3 Nc6 3. d4 cxd4 4. Nxd4 g6 5. Nc3 Bg7 6. Be3 Nf6 7. f3 0-0 8. Qd2 d5 9. exd5 Nxd5 10. Nxc6 bxc6 11. Nxd5 Qxd5 12. c3 Rb8 13. b3 Qe5 14. Qd4 Qxd4 15. Bxd4 Bxd4 16. cxd4 Rd8 17. 0-0-0 Be6 18. Kc2 Rd6 19. Be2 a5 20. Bc4 Bxc4 21. bxc4 Rb4 22. Kc3 Ra4 23. Kb3 Rb4+ 24. Kc3 Ra4 25. Kb3 Rb4+ 26. Kc3 1/2-1/2

[Event "HUN-chT U18"]
[Site "Budapest"]
[Date "2021.10.25"]
[Round "2.23"]
[White "Szabo Toth, Gabor"]
[Black "Kasnya, Peter"]
[Result "1-0"]
[WhiteElo "1799"]
[BlackElo "1652"]
[PlyCount "51"]
[EventDate "2021.10.24"]
[EventType "team-tourn"]
[EventRounds "7"]
[EventCountry "HUN"]
[SourceTitle "CBM 205 Extra"]
[Source "ChessBase"]
[SourceDate "2022.01.31"]
[SourceVersion "1"]
[SourceVersionDate "2022.01.31"]
[SourceQuality "1"]

1. e4 c5 2. Nf3 d6 3. d4 cxd4 4. Qxd4 Nc6 5. Bb5 Bd7 6. Bxc6 Bxc6 7. Nc3 Nf6 8. Bg5 Nd7 9. 0-0 Qb6 10. Qd2 Qxb2 11. Rab1 Qa3 12. Nd4 Qc5 13. Be3 Qa5 14. Nxc6 bxc6 15. Rb7 Nb6 16. Rb1 Qa6 17. Rc7 c5 18. Bxc5 Qa5 19. Rb5 Qa6 20. Bxb6 axb6 21. Qd5 f6 22. h3 Qa3 23. Kh2 g6 24. Qe6 Qc1 25. Nd5 Qg5 26. Rxe7+ 1-0

[Event "HUN-ch U14"]
[Site "Eger"]
[Date "2021.08.24"]
[Round "3"]
[White "Szikszai, Bertalan"]
[Black "Kasnya, Peter"]
[Result "1-0"]
[WhiteElo "2133"]
[BlackElo "1536"]
[PlyCount "93"]
[EventDate "2021.08.20"]
[EventType "swiss"]
[EventRounds "7"]
[EventCountry "HUN"]
[SourceTitle "EXT 2022"]
[Source "ChessBase"]
[SourceDate "2021.10.06"]
[SourceVersion "1"]
[SourceVersionDate "2021.10.06"]
[SourceQuality "1"]

1. e4 c5 2. Nf3 d6 3. d4 cxd4 4. Nxd4 Nf6 5. Nc3 Nc6 6. Be2 g6 7. Be3 Bg7 8. 0-0 0-0 9. Kh1 Bd7 10. f4 Nxd4 11. Bxd4 Bc6 12. Bf3 Nd7 13. Bxg7 Kxg7 14. Qe2 f6 15. Nd5 Bxd5 16. exd5 a5 17. Rae1 Re8 18. h4 Nc5 19. h5 b6 20. Qf2 Ra7 21. Qg3 Rh8 22. Bg4 Qe8 23. Re3 Qf7 24. Be6 Qe8 25. Rfe1 Qf8 26. Qh4 Nxe6 27. Rxe6 Kf7 28. Qh3 Qh6 29. Qb3 Qxh5+ 30. Kg1 Rb7 31. Qc4 Qf5 32. Qe2 Re8 33. Rxd6 Qxf4 34. Qe6+ Kg7 35. Rc6 Rbb8 36. c4 Kf8 37. Re3 Qd4 38. b3 a4 39. Kh1 axb3 40. axb3 Qa1+ 41. Kh2 Qd4 42. Re4 Qd1 43. Rh4 h5 44. Rf4 Qd3 45. d6 Qc3 46. dxe7+ Kg7 47. Rxf6 1-0

[Event "EU Union-ch U12 17th"]
[Site "Mureck"]
[Date "2019.08.08"]
[Round "9"]
[White "Sizov, Lev1"]
[Black "Kasnya, Peter"]
[Result "0-1"]
[WhiteElo "1234"]
[BlackElo "1539"]
[PlyCount "78"]
[EventDate "2019.07.31"]
[EventType "swiss"]
[EventRounds "9"]
[EventCountry "AUT"]
[SourceTitle "EXT 2020"]
[Source "ChessBase"]
[SourceDate "2019.10.17"]
[SourceVersion "1"]
[SourceVersionDate "2019.10.17"]
[SourceQuality "1"]

1. c4 c5 2. Nc3 Nc6 3. e4 d6 4. f4 Nf6 5. h3 e6 6. g4 d5 7. e5 Nd7 8. cxd5 exd5 9. Nf3 Nb6 10. d3 Be7 11. f5 Bh4+ 12. Ke2 Bg3 13. Nb5 Bxe5 14. Nxe5 Nxe5 15. Bf4 Qe7 16. Kf2 a6 17. d4 0-0 18. dxe5 axb5 19. Bxb5 c4 20. Qd4 Qd8 21. h4 Na4 22. Bxa4 Rxa4 23. h5 Rb4 24. Be3 Bd7 25. Rab1 Ra4 26. a3 c3 27. Qxd5 Rxg4 28. Qf3 Rh4 29. bxc3 Bc6 30. Qg3 Rxh1 31. Rxh1 Bxh1 32. Bh6 Qb6+ 33. Be3 Qb2+ 34. Kg1 Qb1+ 35. Kh2 Qf1 36. c4 Qf3 37. e6 Qxg3+ 38. Kxg3 fxe6 39. fxe6 Rf3+ 0-1

[Event "EU Union-ch U12 17th"]
[Site "Mureck"]
[Date "2019.08.01"]
[Round "2"]
[White "Kuti, Oliver"]
[Black "Kasnya, Peter"]
[Result "1-0"]
[WhiteElo "1700"]
[BlackElo "1539"]
[PlyCount "81"]
[EventDate "2019.07.31"]
[EventType "swiss"]
[EventRounds "9"]
[EventCountry "AUT"]
[SourceTitle "EXT 2020"]
[Source "ChessBase"]
[SourceDate "2019.10.17"]
[SourceVersion "1"]
[SourceVersionDate "2019.10.17"]
[SourceQuality "1"]

1. e4 Nf6 2. e5 Nd5 3. d4 d6 4. Nf3 Bf5 5. Bd3 Bg4 6. Bc4 e6 7. 0-0 Be7 8. h3 Bh5 9. Bd2 Nc6 10. Bb5 Qd7 11. c4 Nb6 12. Nc3 a6 13. Bxc6 Qxc6 14. b3 Bxf3 15. Qxf3 Qxf3 16. gxf3 0-0-0 17. exd6 cxd6 18. Ne4 d5 19. Ba5 dxe4 20. Bxb6 Rd7 21. fxe4 Bf6 22. Rfd1 Bd8 23. Bxd8 Rhxd8 24. d5 f5 25. f3 Kc7 26. Rac1 Kb8 27. Re1 Rd6 28. e5 R6d7 29. dxe6 Re7 30. Rcd1 Kc7 31. Rxd8 Kxd8 32. Rd1+ Kc7 33. Rd7+ Rxd7 34. exd7 Kxd7 35. f4 g5 36. Kf2 Ke6 37. Kg3 h6 38. b4 h5 39. fxg5 Kxe5 40. h4 f4+ 41. Kf3 1-0

[Event "HUN-ch U12"]
[Site "Balatonlelle"]
[Date "2019.06.26"]
[Round "7"]
[White "Szikszai, Bertalan"]
[Black "Kasnya, Peter"]
[Result "1-0"]
[WhiteElo "1896"]
[BlackElo "1496"]
[PlyCount "65"]
[EventDate "2019.06.21"]
[EventType "swiss"]
[EventRounds "9"]
[EventCountry "HUN"]
[SourceTitle "CBM 191 Extra"]
[Source "ChessBase"]
[SourceDate "2019.09.30"]
[SourceVersion "1"]
[SourceVersionDate "2019.09.30"]
[SourceQuality "1"]

1. e4 c5 2. Nf3 d6 3. Bb5+ Nd7 4. 0-0 g6 5. d4 cxd4 6. Qxd4 Ngf6 7. Nc3 Bg7 8. Bg5 0-0 9. h3 Nc5 10. Qe3 Bd7 11. Bxd7 Qxd7 12. e5 Ne8 13. exd6 exd6 14. Be7 Nc7 15. Bxf8 Rxf8 16. Rad1 Qc6 17. Nd4 Qb6 18. Nb3 Re8 19. Qf3 Nxb3 20. axb3 Ne6 21. Nd5 Qd8 22. c3 Ng5 23. Qd3 Ne4 24. Rfe1 Nc5 25. Rxe8+ Qxe8 26. Qc2 Qe6 27. b4 Nd7 28. Qd2 Bf8 29. Re1 Qf5 30. Ne7+ Bxe7 31. Rxe7 d5 32. Qh6 Nf6 33. Rxb7 1-0

[Event "HUN-ch U12"]
[Site "Balatonlelle"]
[Date "2019.06.25"]
[Round "6"]
[White "Kasnya, Peter"]
[Black "Megyaszai, Balazs"]
[Result "1-0"]
[WhiteElo "1496"]
[BlackElo "1905"]
[PlyCount "79"]
[EventDate "2019.06.21"]
[EventType "swiss"]
[EventRounds "9"]
[EventCountry "HUN"]
[SourceTitle "CBM 191 Extra"]
[Source "ChessBase"]
[SourceDate "2019.09.30"]
[SourceVersion "1"]
[SourceVersionDate "2019.09.30"]
[SourceQuality "1"]

1. e4 c5 2. d4 cxd4 3. c3 d3 4. c4 Nc6 5. Bxd3 g6 6. Nf3 Bg7 7. 0-0 d6 8. h3 Nf6 9. Qe2 0-0 10. Nc3 Bd7 11. Rd1 Ne8 12. Bg5 Nc7 13. Rac1 Ne6 14. Be3 Rc8 15. Bb1 b6 16. b3 Nc5 17. Nd5 Ne6 18. Ng5 Nc7 19. Nf3 Ra8 20. Bg5 Ne6 21. Be3 Bc8 22. Ng5 Nc7 23. a3 Bb7 24. f4 Bc8 25. f5 Ne5 26. Nf3 Nxd5 27. Rxd5 Bb7 28. Rdd1 Nxf3+ 29. Qxf3 Qc7 30. Qg3 Rac8 31. Bg5 Rfe8 32. Be3 Qc6 33. Bf4 Qc5+ 34. Kh1 Qxa3 35. h4 Kh8 36. Rc3 Bxc3 37. Qxc3+ Kg8 38. Bh6 f6 39. fxg6 hxg6 40. e5 1-0

[Event "HUN-chT2 Szechenyi 1819"]
[Site "Hungary"]
[Date "2019.03.31"]
[Round "8.12"]
[White "Csidey, Csongor"]
[Black "Kasnya, Peter"]
[Result "1-0"]
[WhiteElo "1444"]
[BlackElo "1399"]
[PlyCount "107"]
[EventDate "2018.10.28"]
[EventType "team-tourn"]
[EventRounds "9"]
[EventCountry "HUN"]
[SourceTitle "EXT 2021"]
[Source "ChessBase"]
[SourceDate "2020.10.23"]
[SourceVersion "1"]
[SourceVersionDate "2020.10.23"]
[SourceQuality "1"]
[WhiteTeam "Gyor Szechenyi II"]
[BlackTeam "Tapolca VSE II"]
[WhiteTeamCountry "HUN"]
[BlackTeamCountry "HUN"]

1. e4 c5 2. c4 d6 3. g3 g6 4. Bg2 Bg7 5. Ne2 Nf6 6. 0-0 0-0 7. Nbc3 Nc6 8. a3 Bd7 9. Rb1 a5 10. d3 Rc8 11. h3 b6 12. Be3 Rb8 13. Nb5 Qc8 14. Kh2 Ne8 15. f4 Nc7 16. b3 Nxb5 17. cxb5 Nd4 18. Bxd4 cxd4 19. a4 e5 20. Qd2 Qb7 21. f5 Rbc8 22. f6 Bh8 23. g4 Rc5 24. g5 Rfc8 25. Rfc1 R8c7 26. Rxc5 Rxc5 27. Rc1 Qc8 28. Rxc5 dxc5 29. Ng1 Be6 30. Qd1 Qf8 31. Bf3 h6 32. h4 Qc8 33. Kg3 h5 34. Be2 Qc7 35. Nf3 Qd6 36. Nd2 Bd7 37. Bf1 Qe6 38. Qf3 Qe8 39. Bh3 Bxh3 40. Kxh3 Qe6+ 41. Kg3 Qd6 42. Qg2 Bxf6 43. gxf6 Qxf6 44. Qf3 Qe6 45. Nc4 f5 46. exf5 gxf5 47. Qa8+ Kf7 48. Qb7+ Kf8 49. Qb8+ Kf7 50. Qc7+ Kg8 51. Qd8+ Kf7 52. Nd6+ Kg7 53. Qg5+ Kf8 54. Qxf5+ 1-0

[Event "HUN-chT U18 2nd"]
[Site "Zalakaros"]
[Date "2018.07.29"]
[Round "7.36"]
[White "Kasnya, Peter"]
[Black "Varga, Marko"]
[Result "1-0"]
[WhiteElo "1320"]
[BlackElo "1048"]
[PlyCount "107"]
[EventDate "2018.07.26"]
[EventType "team-swiss"]
[EventRounds "7"]
[EventCountry "HUN"]
[SourceTitle "EXT 2019"]
[Source "ChessBase"]
[SourceDate "2018.10.10"]
[SourceVersion "1"]
[SourceVersionDate "2018.10.10"]
[SourceQuality "1"]

1. e4 e5 2. Nf3 Nc6 3. d4 exd4 4. Nxd4 Nf6 5. Nxc6 bxc6 6. Bd3 Be7 7. 0-0 0-0 8. Nc3 Re8 9. Re1 d5 10. b3 dxe4 11. Nxe4 Nxe4 12. Bxe4 Bb7 13. Bb2 Bd6 14. h3 Qg5 15. Qf3 Qf4 16. Qxf4 Bxf4 17. Bf3 h6 18. Rad1 Rad8 19. Rxd8 Rxd8 20. Rd1 Rxd1+ 21. Bxd1 g5 22. Kf1 f5 23. Ke2 Ba6+ 24. c4 Kf7 25. Kd3 Ke6 26. Bg7 c5 27. Bxh6 Bb7 28. g3 Be4+ 29. Ke2 Bc1 30. h4 Kf6 31. hxg5+ Bxg5 32. Bf8 a6 33. Bxc5 f4 34. gxf4 Bxf4 35. Be3 Be5 36. Kd2 Kf5 37. Bc2 Bxc2 38. Kxc2 Ke4 39. Kd2 c6 40. a4 Kf5 41. Kd3 Ke6 42. Ke4 Bb2 43. f4 Kf6 44. Bd4+ Bxd4 45. Kxd4 Kf5 46. Kc5 Kxf4 47. Kxc6 Ke4 48. Kd6 Kd4 49. c5 Kc3 50. Kc6 Kxb3 51. Kb6 Kb4 52. c6 Kxa4 53. Kxa6 Kb4 54. c7 1-0